Účtovanie dobropisov (preplatkov) v obci, rozpočtovej a príspevkovej organizácii

Problematikka účtovania dobropisov podľa opatrenia Ministerstva financií SR z 8. 8. 2007 č. MF/16786/2007-31, ktorým sa ustanovujú podrobnosti o postupoch účtovania a rámcovej účtovej osnove pre rozpočtové organizácie, príspevkové organizácie, štátne fondy, obce a vyššie územné celky v znení neskor...

Celý popis

Uložené v:
Podrobná bibliografia
Hlavný autor: Urbanová, Terézia
Médium: Kapitola
Jazyk:Slovak
Predmet:
Tagy: Pridať tag
Žiadne tagy, Buďte prvý, kto otaguje tento záznam!

MARC

LEADER 00000naa a2200000 4500
001 0286263
005 20240417075208.4
041 0 |a slo 
044 |a SK 
245 1 0 |a Účtovanie dobropisov (preplatkov) v obci, rozpočtovej a príspevkovej organizácii  |c Terézia Urbanová 
520 |a Problematikka účtovania dobropisov podľa opatrenia Ministerstva financií SR z 8. 8. 2007 č. MF/16786/2007-31, ktorým sa ustanovujú podrobnosti o postupoch účtovania a rámcovej účtovej osnove pre rozpočtové organizácie, príspevkové organizácie, štátne fondy, obce a vyššie územné celky v znení neskorších prepisov. 
610 2 0 |a účtovníctvo 
610 2 0 |a účtovníci 
610 2 0 |a účtovanie 
610 2 0 |a preplatky 
610 2 0 |a organizácie 
610 2 0 |a organizácie príspevkové 
610 2 0 |a organizácie rozpočtové 
610 2 0 |a obdobie účtovné 
610 2 0 |a obce 
610 2 0 |a správa štátna 
100 1 |a Urbanová, Terézia